[Event "EYCC 2024 - O16"]
[Site "?"]
[Date "2024.08.24"]
[Round "3.9"]
[White "Ceyhan, Mert"]
[Black "Sierra Vallina, Lionel"]
[Result "1/2-1/2"]
[BlackElo "2393"]
[WhiteElo "2135"]
[LiveChessVersion "1.4.8"]

1. e4 {[%clk 1:30:58]} c5 {[%clk 1:30:42]} 2. Nf3 {[%clk 1:31:22]} Nc6
{[%clk 1:31:04]} 3. Bb5 {[%clk 1:31:46]} Nf6 {[%clk 1:30:10]} 4. Nc3
{[%clk 1:28:23]} Qc7 {[%clk 1:29:56]} 5. O-O {[%clk 1:11:55]} Nd4
{[%clk 1:30:12]} 6. Re1 {[%clk 1:09:20]} e5 {[%clk 1:29:28]} 7. a4
{[%clk 1:02:55]} a6 {[%clk 1:15:04]} 8. Bc4 {[%clk 1:01:24]} Be7 {[%clk 1:14:16]}
9. h3 {[%clk 0:59:46]} d6 {[%clk 1:14:21]} 10. d3 {[%clk 0:58:28]} O-O
{[%clk 1:13:02]} 11. Bg5 {[%clk 0:56:12]} Be6 {[%clk 1:11:00]} 12. Bxf6
{[%clk 0:55:50]} Bxf6 {[%clk 1:11:01]} 13. Nd5 {[%clk 0:56:01]} Qd8
{[%clk 1:09:32]} 14. Nxd4 {[%clk 0:54:28]} cxd4 {[%clk 1:04:20]} 15. Ra3
{[%clk 0:52:58]} Bg5 {[%clk 1:01:16]} 16. Rb3 {[%clk 0:52:03]} Rb8
{[%clk 1:01:04]} 17. c3 {[%clk 0:50:08]} dxc3 {[%clk 0:57:03]} 18. bxc3
{[%clk 0:50:11]} Qa5 {[%clk 0:47:46]} 19. Qa1 {[%clk 0:47:51]} Qc5
{[%clk 0:35:11]} 20. Reb1 {[%clk 0:43:47]} Bh4 {[%clk 0:34:33]} 21. Qa2
{[%clk 0:42:22]} Kh8 {[%clk 0:30:07]} 22. Rxb7 {[%clk 0:31:22]} Rxb7
{[%clk 0:30:30]} 23. Rxb7 {[%clk 0:31:49]} f5 {[%clk 0:23:05]} 24. Ne3
{[%clk 0:21:06]} Bc8 {[%clk 0:19:12]} 25. Rf7 {[%clk 0:18:18]} Rxf7
{[%clk 0:19:10]} 26. Bxf7 {[%clk 0:18:46]} Qxc3 {[%clk 0:15:02]} 27. g3
{[%clk 0:17:06]} f4 {[%clk 0:15:16]} 28. Qc4 {[%clk 0:13:18]} Qxc4
{[%clk 0:11:35]} 29. Nxc4 {[%clk 0:13:37]} fxg3 {[%clk 0:12:00]} 30. fxg3
{[%clk 0:14:02]} Bxg3 {[%clk 0:12:12]} 31. Kg2 {[%clk 0:13:37]} Be1
{[%clk 0:12:34]} 32. Nxd6 {[%clk 0:14:03]} Bd7 {[%clk 0:12:48]} 33. Bc4
{[%clk 0:14:26]} g5 {[%clk 0:11:37]} 34. Nf7+ {[%clk 0:13:28]} Kg7
{[%clk 0:12:00]} 35. Nxe5 {[%clk 0:13:54]} Bxa4 {[%clk 0:12:23]} 36. Bxa6
{[%clk 0:13:55]} Bc3 {[%clk 0:12:31]} 37. Nf3 {[%clk 0:14:09]} Kf6
{[%clk 0:12:42]} 38. d4 {[%clk 0:14:09]} Bd1 {[%clk 0:11:57]} 39. e5+
{[%clk 0:13:58]} Kf5 {[%clk 0:12:20]} 40. Kg3 {[%clk 0:13:40]} Bxf3
{[%clk 0:12:38]} 1/2-1/2

[Event "EYCC 2024 - O16"]
[Site "?"]
[Date "2024.08.24"]
[Round "3.10"]
[White "Lavrencic, Matic"]
[Black "Bourg, Nicolas"]
[Result "1-0"]
[BlackElo "2116"]
[WhiteElo "2356"]
[LiveChessVersion "1.4.8"]

1. e4 {[%clk 1:30:38]} e5 {[%clk 1:30:46]} 2. Nf3 {[%clk 1:30:58]} Nc6
{[%clk 1:31:07]} 3. Bb5 {[%clk 1:31:14]} a6 {[%clk 1:31:29]} 4. Ba4
{[%clk 1:31:32]} d6 {[%clk 1:31:51]} 5. O-O {[%clk 1:31:40]} Bd7 {[%clk 1:32:09]}
6. c4 {[%clk 1:31:57]} g5 {[%clk 1:26:34]} 7. d4 {[%clk 1:31:18]} g4
{[%clk 1:26:19]} 8. d5 {[%clk 1:30:53]} Nb8 {[%clk 1:11:34]} 9. Ne1
{[%clk 1:19:21]} Nf6 {[%clk 1:05:29]} 10. Bg5 {[%clk 1:12:35]} Rg8
{[%clk 1:04:26]} 11. Bh4 {[%clk 1:11:14]} Bxa4 {[%clk 1:01:12]} 12. Qxa4+
{[%clk 1:11:20]} Qd7 {[%clk 1:01:37]} 13. Qb3 {[%clk 1:08:37]} Qd8
{[%clk 0:46:34]} 14. Bxf6 {[%clk 1:07:44]} Qxf6 {[%clk 0:46:58]} 15. Qxb7
{[%clk 1:08:02]} g3 {[%clk 0:46:16]} 16. Qxa8 {[%clk 1:07:11]} 1-0

[Event "EYCC 2024 - O16"]
[Site "?"]
[Date "2024.08.24"]
[Round "3.11"]
[White "Csernyik, Mark"]
[Black "Cnejev, Vladimir-Alexandru"]
[Result "0-1"]
[BlackElo "2343"]
[WhiteElo "2129"]
[LiveChessVersion "1.4.8"]

1. e4 {[%clk 1:30:58]} e5 {[%clk 1:25:34]} 2. Nf3 {[%clk 1:31:24]} Nc6
{[%clk 1:25:58]} 3. d4 {[%clk 1:31:49]} exd4 {[%clk 1:26:15]} 4. Nxd4
{[%clk 1:32:13]} Qf6 {[%clk 1:26:23]} 5. Nxc6 {[%clk 1:30:08]} Bc5
{[%clk 1:14:31]} 6. Qe2 {[%clk 1:29:30]} dxc6 {[%clk 1:14:08]} 7. Nc3
{[%clk 1:26:18]} Bd4 {[%clk 0:56:39]} 8. Bd2 {[%clk 1:26:14]} Ne7
{[%clk 0:56:33]} 9. g3 {[%clk 1:18:57]} g5 {[%clk 0:44:23]} 10. Bg2
{[%clk 1:17:40]} Be6 {[%clk 0:33:54]} 11. O-O-O {[%clk 1:16:14]} Ng6
{[%clk 0:33:06]} 12. Rhf1 {[%clk 1:10:21]} g4 {[%clk 0:30:13]} 13. f4
{[%clk 1:08:17]} gxf3 {[%clk 0:30:38]} 14. Qxf3 {[%clk 1:07:05]} Qxf3
{[%clk 0:18:10]} 15. Bxf3 {[%clk 1:05:09]} Ne5 {[%clk 0:11:21]} 16. Bh5
{[%clk 1:02:51]} Nc4 {[%clk 0:09:51]} 17. Bf4 {[%clk 0:57:05]} Bg7
{[%clk 0:05:55]} 18. Rd3 {[%clk 0:53:48]} Ne5 {[%clk 0:03:50]} 19. Rd2
{[%clk 0:52:27]} O-O {[%clk 0:01:58]} 20. b3 {[%clk 0:45:37]} a5 {[%clk 0:01:09]}
21. a4 {[%clk 0:43:14]} Rab8 {[%clk 0:00:32]} 22. Ne2 {[%clk 0:42:54]} c5
{[%clk 0:00:46]} 23. Bxe5 Bxe5 24. Nf4 {[%clk 0:41:31]} c4 {[%clk 0:00:37]} 25.
Nxe6 {[%clk 0:40:40]} fxe6 {[%clk 0:01:06]} 26. Rdf2 {[%clk 0:40:23]} cxb3
{[%clk 0:00:34]} 27. cxb3 {[%clk 0:39:22]} Rxf2 {[%clk 0:00:32]} 28. Rxf2
{[%clk 0:39:44]} Rf8 {[%clk 0:00:32]} 29. Rxf8+ {[%clk 0:40:00]} Kxf8
{[%clk 0:01:01]} 30. Kc2 {[%clk 0:40:16]} Ke7 {[%clk 0:01:26]} 31. Kd3
{[%clk 0:40:38]} Kd6 {[%clk 0:01:47]} 32. Kc4 {[%clk 0:40:41]} Bb2
{[%clk 0:01:13]} 33. h3 {[%clk 0:37:57]} Ke5 {[%clk 0:00:59]} 34. Bg4
{[%clk 0:37:32]} Bc1 {[%clk 0:00:37]} 35. Kb5 {[%clk 0:36:32]} Bd2
{[%clk 0:00:49]} 36. h4 {[%clk 0:34:22]} Be1 {[%clk 0:00:37]} 37. h5
{[%clk 0:34:18]} h6 {[%clk 0:00:41]} 38. Bh3 {[%clk 0:34:07]} Bd2
{[%clk 0:00:33]} 39. Bg4 {[%clk 0:34:11]} Be1 {[%clk 0:00:33]} 40. Bh3
{[%clk 0:34:28]} Kf6 {[%clk 0:00:39]} 41. Bg4 {[%clk 0:33:27]} b6
{[%clk 0:00:33]} 42. Kc6 {[%clk 0:32:27]} Bxg3 {[%clk 0:00:55]} 43. Kd7
{[%clk 0:32:26]} Kg5 {[%clk 0:00:44]} 44. Be2 {[%clk 0:31:36]} Kf4
{[%clk 0:00:31]} 45. Kxe6 {[%clk 0:31:35]} Kxe4 {[%clk 0:00:40]} 46. Kd7
{[%clk 0:31:44]} Kd5 {[%clk 0:01:03]} 47. Bc4+ {[%clk 0:32:01]} Kc5
{[%clk 0:01:30]} 48. Bb5 {[%clk 0:32:24]} Bf4 {[%clk 0:01:42]} 49. Bc6
{[%clk 0:32:16]} Bh2 {[%clk 0:01:32]} 50. Bb5 {[%clk 0:31:49]} Kb4
{[%clk 0:01:29]} 51. Bc4 {[%clk 0:31:37]} b5 {[%clk 0:00:52]} 52. Bxb5
{[%clk 0:31:03]} Kxb3 {[%clk 0:01:17]} 53. Kc6 {[%clk 0:30:00]} Kb4
{[%clk 0:01:32]} 54. Kd5 {[%clk 0:29:48]} c5 {[%clk 0:01:46]} 55. Be2
{[%clk 0:15:29]} Bg1 {[%clk 0:02:02]} 56. Bd3 {[%clk 0:13:13]} Bf2
{[%clk 0:01:31]} 57. Bb5 {[%clk 0:12:53]} Kb3 {[%clk 0:01:28]} 58. Bd3
{[%clk 0:12:42]} Bg1 {[%clk 0:00:50]} 59. Bb5 {[%clk 0:12:35]} Bf2
{[%clk 0:00:46]} 60. Bd3 {[%clk 0:12:29]} Bd4 {[%clk 0:00:33]} 61. Bb5
{[%clk 0:12:40]} Kb4 {[%clk 0:00:33]} 62. Bd3 {[%clk 0:12:50]} Bg7
{[%clk 0:00:37]} 63. Bb5 {[%clk 0:13:02]} Bf8 {[%clk 0:00:36]} 64. Bd3
{[%clk 0:13:12]} Kxa4 {[%clk 0:00:40]} 65. Kc4 {[%clk 0:13:38]} Ka3
{[%clk 0:00:34]} 66. Bc2 {[%clk 0:13:56]} Be7 {[%clk 0:00:33]} 67. Bd1
{[%clk 0:14:01]} Kb2 {[%clk 0:00:34]} 68. Ba4 {[%clk 0:13:17]} Bf8
{[%clk 0:00:34]} 69. Bd1 {[%clk 0:11:45]} Kc1 {[%clk 0:00:44]} 70. Bb3
{[%clk 0:11:57]} Kd2 {[%clk 0:00:56]} 71. Ba4 {[%clk 0:12:18]} Be7
{[%clk 0:00:44]} 72. Bb3 {[%clk 0:12:43]} Ke3 {[%clk 0:00:42]} 73. Ba4
{[%clk 0:12:55]} Ke4 {[%clk 0:00:46]} 74. Bc2+ {[%clk 0:13:06]} Ke5
{[%clk 0:00:48]} 75. Ba4 {[%clk 0:13:22]} Kd6 {[%clk 0:00:36]} 76. Bc2
{[%clk 0:13:37]} Kc6 {[%clk 0:00:47]} 77. Ba4+ {[%clk 0:14:01]} Kb6
{[%clk 0:01:10]} 78. Bc2 {[%clk 0:13:58]} Bg5 {[%clk 0:01:31]} 79. Ba4
{[%clk 0:13:39]} Bd2 {[%clk 0:01:57]} 80. Kd5 {[%clk 0:13:43]} Bb4
{[%clk 0:02:22]} 81. Be8 {[%clk 0:12:25]} Kc7 {[%clk 0:02:41]} 82. Bb5
{[%clk 0:12:46]} Ba3 {[%clk 0:02:42]} 83. Be8 {[%clk 0:10:20]} Kd8
{[%clk 0:02:59]} 84. Ba4 {[%clk 0:09:45]} Ke7 {[%clk 0:03:24]} 85. Kc4
{[%clk 0:09:48]} Kf6 {[%clk 0:03:28]} 86. Kb5 {[%clk 0:09:41]} Kg5
{[%clk 0:03:13]} 87. Bd1 {[%clk 0:10:03]} Bb4 {[%clk 0:03:40]} 88. Be2
{[%clk 0:10:11]} Kh4 {[%clk 0:02:52]} 89. Bd1 {[%clk 0:10:30]} Kh3
{[%clk 0:03:08]} 90. Be2 {[%clk 0:10:12]} Kg3 {[%clk 0:03:23]} 91. Bd1
{[%clk 0:10:30]} Kf2 {[%clk 0:03:33]} 92. Kc4 {[%clk 0:10:44]} Ke1
{[%clk 0:03:23]} 93. Bb3 {[%clk 0:11:07]} Kd2 {[%clk 0:03:22]} 94. Ba4
{[%clk 0:11:29]} Ke3 {[%clk 0:03:28]} 95. Bd1 {[%clk 0:11:46]} Kf4
{[%clk 0:03:33]} 96. Be2 {[%clk 0:11:46]} a4 {[%clk 0:03:48]} 97. Bd1
{[%clk 0:12:06]} a3 {[%clk 0:03:36]} 98. Bb3 {[%clk 0:11:25]} Kg5
{[%clk 0:03:53]} 99. Bd1 0-1

[Event "EYCC 2024 - O16"]
[Site "?"]
[Date "2024.08.24"]
[Round "3.12"]
[White "Lyakh, Vasiliy"]
[Black "Leitgeb, Julian"]
[Result "1/2-1/2"]
[BlackElo "2313"]
[WhiteElo "2115"]
[LiveChessVersion "1.4.8"]

1. d4 {[%clk 1:30:58]} Nf6 {[%clk 1:30:58]} 2. c4 {[%clk 1:31:17]} e6
{[%clk 1:31:09]} 3. Nf3 {[%clk 1:31:23]} d5 {[%clk 1:31:14]} 4. g3
{[%clk 1:31:16]} dxc4 {[%clk 1:31:27]} 5. Bg2 {[%clk 1:31:40]} Nc6
{[%clk 1:30:40]} 6. O-O {[%clk 1:31:58]} Rb8 {[%clk 1:30:32]} 7. Nc3
{[%clk 1:26:03]} b5 {[%clk 1:28:05]} 8. Bg5 {[%clk 1:20:46]} Be7 {[%clk 1:27:28]}
9. e3 {[%clk 1:17:27]} O-O {[%clk 1:21:51]} 10. Nd2 {[%clk 1:12:30]} Nb4
{[%clk 1:17:06]} 11. a4 {[%clk 1:08:32]} a6 {[%clk 1:13:56]} 12. axb5
{[%clk 0:54:49]} axb5 {[%clk 1:14:24]} 13. b3 {[%clk 0:53:46]} Nbd5
{[%clk 1:02:06]} 14. Ne2 {[%clk 0:53:21]} c3 {[%clk 0:55:35]} 15. e4
{[%clk 0:44:46]} cxd2 {[%clk 0:54:18]} 16. exd5 {[%clk 0:45:14]} Nxd5
{[%clk 0:53:45]} 17. Bxe7 {[%clk 0:45:22]} Nxe7 {[%clk 0:50:29]} 18. Qxd2
{[%clk 0:45:43]} Bb7 {[%clk 0:47:57]} 19. Bxb7 {[%clk 0:46:00]} Rxb7
{[%clk 0:48:25]} 20. Rfc1 {[%clk 0:45:08]} Qd6 {[%clk 0:41:18]} 21. Rc5
{[%clk 0:43:04]} h6 {[%clk 0:36:10]} 22. Qd3 {[%clk 0:35:33]} c6 {[%clk 0:35:51]}
23. Qe4 {[%clk 0:33:41]} Rd8 {[%clk 0:34:50]} 24. h4 {[%clk 0:30:27]} Rc7
{[%clk 0:32:55]} 25. Kg2 {[%clk 0:21:45]} Nd5 {[%clk 0:29:34]} 26. Ra6
{[%clk 0:13:14]} Qd7 {[%clk 0:29:19]} 27. Qf3 {[%clk 0:13:33]} Rdc8
{[%clk 0:27:54]} 28. Ra1 {[%clk 0:10:13]} Qd6 {[%clk 0:27:05]} 29. Qe4
{[%clk 0:10:05]} Qe7 {[%clk 0:25:41]} 30. Rac1 {[%clk 0:09:02]} Qd7
{[%clk 0:24:39]} 31. Qc2 {[%clk 0:06:52]} Nb4 {[%clk 0:22:52]} 32. Qe4
{[%clk 0:03:04]} Nd5 {[%clk 0:23:09]} 33. Qc2 {[%clk 0:03:28]} Qd6
{[%clk 0:22:45]} 34. Nc3 {[%clk 0:02:39]} Nxc3 {[%clk 0:22:42]} 35. Qxc3
{[%clk 0:03:04]} Rd8 {[%clk 0:13:16]} 36. Rd1 {[%clk 0:02:15]} Re8
{[%clk 0:10:24]} 37. Rc1 {[%clk 0:02:21]} Rd8 38. Rd1 Qd7 {[%clk 0:09:39]} 39.
Rd2 {[%clk 0:01:41]} Rcc8 {[%clk 0:09:47]} 40. Kh2 {[%clk 0:01:43]} Qb7
{[%clk 0:09:58]} 41. Rc2 {[%clk 0:01:26]} Rd6 {[%clk 0:09:27]} 42. Re2
{[%clk 0:00:38]} Qd7 {[%clk 0:08:27]} 43. Re4 {[%clk 0:00:55]} Rd8
{[%clk 0:07:37]} 44. Qc2 {[%clk 0:01:02]} Rc8 {[%clk 0:06:47]} 45. Qc3
{[%clk 0:00:40]} f5 {[%clk 0:04:51]} 46. Rf4 {[%clk 0:01:06]} Ra8
{[%clk 0:02:52]} 47. Rf3 {[%clk 0:00:37]} Ra2 {[%clk 0:03:04]} 48. Kg2
{[%clk 0:00:50]} Ra6 {[%clk 0:03:00]} 49. Rd3 {[%clk 0:01:04]} Ra8
{[%clk 0:03:22]} 50. Kh2 {[%clk 0:00:56]} Rd8 {[%clk 0:03:47]} 51. Qc2
{[%clk 0:01:18]} Rc8 {[%clk 0:03:11]} 52. Qc3 {[%clk 0:01:37]} Rd8
{[%clk 0:03:29]} 53. Qc2 {[%clk 0:02:03]} f4 {[%clk 0:03:38]} 54. Rf3
{[%clk 0:00:45]} Rxd4 {[%clk 0:02:24]} 55. gxf4 {[%clk 0:00:49]} Rd2
{[%clk 0:02:25]} 56. Qe4 {[%clk 0:00:57]} Rd5 {[%clk 0:02:03]} 57. Rfc3
{[%clk 0:01:26]} Rd4 {[%clk 0:01:32]} 58. Qe5 {[%clk 0:01:02]} Rd5
{[%clk 0:01:15]} 59. Qe4 {[%clk 0:00:40]} Rd4 {[%clk 0:01:40]} 60. Qe5
{[%clk 0:01:10]} Rd5 {[%clk 0:01:06]} 61. Qe4 {[%clk 0:01:29]} Rd4 1/2-1/2

[Event "EYCC 2024 - O16"]
[Site "?"]
[Date "2024.08.24"]
[Round "3.13"]
[White "Breuil, Tristan"]
[Black "Raptis, Filippos"]
[Result "0-1"]
[BlackElo "2098"]
[WhiteElo "2284"]
[LiveChessVersion "1.4.8"]

1. e4 {[%clk 1:30:07]} c5 {[%clk 1:30:44]} 2. Nf3 {[%clk 1:30:29]} Nc6
{[%clk 1:31:08]} 3. d4 {[%clk 1:30:50]} cxd4 {[%clk 1:31:29]} 4. Nxd4
{[%clk 1:31:14]} e5 {[%clk 1:31:49]} 5. Nb5 {[%clk 1:31:08]} d6 {[%clk 1:32:05]}
6. N1c3 {[%clk 1:31:06]} a6 {[%clk 1:32:23]} 7. Na3 {[%clk 1:31:28]} Be7
{[%clk 1:32:43]} 8. Nd5 {[%clk 1:27:36]} Nf6 {[%clk 1:33:04]} 9. Be3
{[%clk 1:02:43]} Nxd5 {[%clk 1:33:24]} 10. exd5 {[%clk 1:02:51]} Nd4
{[%clk 1:33:45]} 11. Bd3 {[%clk 0:56:44]} Nf5 {[%clk 1:23:55]} 12. Bxf5
{[%clk 0:43:11]} Bxf5 {[%clk 1:24:18]} 13. O-O {[%clk 0:43:17]} O-O
{[%clk 1:24:17]} 14. f4 {[%clk 0:38:54]} exf4 {[%clk 1:19:58]} 15. Rxf4
{[%clk 0:37:48]} Bg5 {[%clk 1:13:09]} 16. Rxf5 {[%clk 0:38:04]} Bxe3+
{[%clk 1:13:36]} 17. Kh1 {[%clk 0:38:19]} b5 {[%clk 1:10:23]} 18. c3
{[%clk 0:36:55]} Qd7 {[%clk 1:07:41]} 19. Qd3 {[%clk 0:36:04]} g6
{[%clk 0:57:20]} 20. Rf3 {[%clk 0:34:24]} Bc5 {[%clk 0:55:28]} 21. b4 Ba7
{[%clk 0:55:06]} 22. Raf1 {[%clk 0:19:47]} f5 {[%clk 0:50:45]} 23. Nc2
{[%clk 0:11:00]} Rfe8 {[%clk 0:43:51]} 24. Rf4 {[%clk 0:05:45]} Re5
{[%clk 0:34:53]} 25. g4 {[%clk 0:02:52]} fxg4 {[%clk 0:18:18]} 26. Nd4 Bxd4
{[%clk 0:15:50]} 27. cxd4 {[%clk 0:03:19]} Ree8 {[%clk 0:14:37]} 28. Rf7
{[%clk 0:01:41]} Qxf7 {[%clk 0:14:13]} 29. Rxf7 {[%clk 0:02:10]} Kxf7
{[%clk 0:14:35]} 30. Kg2 {[%clk 0:00:44]} h5 {[%clk 0:12:47]} 31. Kg3
{[%clk 0:00:46]} Kg7 {[%clk 0:12:13]} 32. Kh4 {[%clk 0:00:38]} Rf8
{[%clk 0:12:34]} 33. Qg3 {[%clk 0:00:41]} Rf6 {[%clk 0:08:29]} 34. h3
{[%clk 0:00:37]} Raf8 {[%clk 0:06:33]} 35. Qe3 {[%clk 0:00:32]} Rf3
{[%clk 0:06:37]} 36. Qe7+ {[%clk 0:00:46]} R8f7 {[%clk 0:07:05]} 0-1

[Event "EYCC 2024 - O16"]
[Site "?"]
[Date "2024.08.24"]
[Round "3.14"]
[White "Prazak, Daniel"]
[Black "Pressler, Tobias"]
[Result "1-0"]
[BlackElo "2088"]
[WhiteElo "2261"]
[LiveChessVersion "1.4.8"]

1. e4 {[%clk 1:30:57]} c5 {[%clk 1:30:49]} 2. Nf3 {[%clk 1:31:05]} Nc6
{[%clk 1:31:01]} 3. Bb5 {[%clk 1:30:54]} g6 {[%clk 1:29:57]} 4. O-O
{[%clk 1:30:59]} Nf6 {[%clk 1:30:24]} 5. Re1 {[%clk 1:30:37]} Bg7
{[%clk 1:30:49]} 6. e5 {[%clk 1:30:45]} Nd5 {[%clk 1:31:15]} 7. Nc3
{[%clk 1:30:48]} Nc7 {[%clk 1:31:39]} 8. Bxc6 {[%clk 1:30:10]} dxc6
{[%clk 1:31:41]} 9. Ne4 {[%clk 1:30:09]} Ne6 {[%clk 1:29:55]} 10. d3
{[%clk 1:29:07]} O-O {[%clk 1:30:15]} 11. Be3 {[%clk 1:29:25]} b6
{[%clk 1:30:38]} 12. Qd2 {[%clk 1:29:39]} Nd4 {[%clk 1:27:58]} 13. Nxd4
{[%clk 1:29:43]} cxd4 {[%clk 1:28:23]} 14. Bh6 {[%clk 1:29:58]} Qc7
{[%clk 1:26:19]} 15. Bxg7 {[%clk 1:27:10]} Kxg7 {[%clk 1:26:42]} 16. Qf4
{[%clk 1:26:35]} c5 {[%clk 1:22:18]} 17. Ng3 {[%clk 1:18:44]} Bb7
{[%clk 1:19:57]} 18. Qg5 {[%clk 1:17:15]} Kh8 {[%clk 1:09:30]} 19. Re2
{[%clk 1:09:18]} Qc6 {[%clk 1:03:35]} 20. f3 {[%clk 1:09:01]} Rae8
{[%clk 0:56:43]} 21. Rae1 {[%clk 1:04:14]} c4 {[%clk 0:56:00]} 22. Re4
{[%clk 0:58:56]} cxd3 {[%clk 0:54:17]} 23. cxd3 {[%clk 0:58:32]} Qc2
{[%clk 0:52:55]} 24. Rxd4 {[%clk 0:55:22]} Qxb2 {[%clk 0:51:17]} 25. Rd7
{[%clk 0:55:07]} Bc6 {[%clk 0:43:35]} 26. Rxa7 {[%clk 0:53:10]} Bb5
{[%clk 0:39:44]} 27. Qe3 {[%clk 0:41:27]} Rc8 {[%clk 0:35:13]} 28. Rxe7
{[%clk 0:35:43]} Rc2 {[%clk 0:35:35]} 29. Re2 {[%clk 0:34:24]} Rc1+
{[%clk 0:27:57]} 30. Kf2 {[%clk 0:32:19]} Qc3 {[%clk 0:24:58]} 31. Ne4
{[%clk 0:26:10]} Qxd3 {[%clk 0:25:06]} 32. Qxc1 {[%clk 0:25:55]} Qxe2+
{[%clk 0:25:29]} 33. Kg3 {[%clk 0:26:17]} Bd3 {[%clk 0:19:27]} 34. Qh6
{[%clk 0:25:46]} 1-0